| 000 | 01276 a2200229 4500 | ||
|---|---|---|---|
| 001 | 41106 | ||
| 005 | 20260407155704.0 | ||
| 008 | 260407a2001 arg spa d | ||
| 003 | AR-UNSa-BCEJYS | ||
| 040 |
_aAR-UNSa-BCEJYS _bspa _cAR-UNSa-BCEJYS |
||
| 080 |
_a347.736 _xQuiebra. Insolvencia. Suspensión de pagos. Bancarrota, procedimientos. Derecho Concursal |
||
| 245 | 1 | 0 | _aTercer seminario anual sobre análisis crítico de jurisprudencia, doctrina y estrategias concursales |
| 264 | 1 |
_aBuenos Aires : _bAD-HOC _c2001 |
|
| 300 |
_a124 p. _c23 cm. |
||
| 505 | _a1. Fueros de atracción y ejecuciones prendarias e hipotecarias - 2. Acción revocatoria concursal. Autorización de los acreedores - 3. Extensión de quiebra y acciones de responsabilidad - 4. Quiebra y bien de familia - 5. Contenido y homologación del acuerdo preventivo - 6. Aspectos societarios en concursos y quiebras | ||
| 041 | _aspa | ||
| 942 | _cBK | ||
| 590 | _aniveau_biblio:m niveau_hierar:0 | ||
| 100 | 1 | _aSeminario anual sobre análisis crítico de jurisprudencia, doctrina y estrategias concursales | |
| 700 | 1 | _aFundación para la Investigación y Desarrollo de las Ciencias Jurídicas | |
| 856 | 4 | 1 |
_uhttps://biblioeco.unsa.edu.ar/pmb/images/libros/L126369.jpg _yImagen de portada _qimage/jpeg |
| 999 |
_c3374 _d3374 |
||